LEADER 00758nas 2200277zu 450 001 9911064883003321 005 20260324110648.0 011 $a2958-9592 035 $a(CKB)45428820300041 035 $a(DE-599)ZDB3236903-7 035 $a(DE-599)3236903-7 035 $a(EXLCZ)9945428820300041 100 $a20260226cuuuuuuuu || | 101 0 $aeng 135 $aur||||||||||| 200 00$aAllied Medical Research Journal 210 $aPakistan: $cAllied Medical Research Journal Private Limited 610 0$ahealth 610 0$arehabilitation 610 0$amedical science 610 0$aphysical therapy 610 0$anursing 906 $aJOURNAL 912 $a9911064883003321 996 $aAllied Medical Research Journal$94548005 997 $aUNINA